| 000 | 00387nam a22001697a 4500 | ||
|---|---|---|---|
| 005 | 20160618093442.0 | ||
| 008 | 160618b xxu||||| |||| 00| 0 eng d | ||
| 020 | _a978-81-203-3481-6 | ||
| 041 | _aeng | ||
| 082 | _b8061 | ||
| 100 |
_aWhite, B. Joseph _92170 |
||
| 245 | _aThe Nature of leadership | ||
| 260 |
_bPHI _c2008 |
||
| 300 | _a183 | ||
| 650 |
_aManagement _9241 |
||
| 942 | _cBK | ||
| 999 |
_c3030 _d3029 |
||